[Event "Asian Juniors Chess Championship 2022"]
[Site "Knights Templar Hotel, Tagaytay City"]
[Date "2022.11.22"]
[Round "6"]
[Board "9"]
[White "Raahul, V S"]
[Black "Buto, Al-Basher"]
[Result "1-0"]
[WhiteElo "2311"]
[BlackElo "1557"]
[PlyCount "125"]
[EventDate "2022.11.19"]
[EventRounds "9"]
[EventCountry "ACF"]

1. c4 e5 2. Nc3 Nc6 3. g3 f5 4. Bg2 Nf6 5. d3 Bb4 6. e3 Bxc3+ 7. bxc3 d6 8. Ne2 O-O
9. O-O Rb8 10. c5 d5 11. Qc2 Be6 12. Rb1 Qe8 13. Bb2 Kh8 14. Ba1 Nd7 15. d4 e4 16.
c4 Nf6 17. f3 Ne7 18. fxe4 fxe4 19. Nf4 Bf7 20. cxd5 Nexd5 21. Nxd5 Bxd5 22. Rf5
Qg6 23. Rbf1 c6 24. Bxe4 Qh6 25. R5f3 Rfe8 26. Bxd5 cxd5 27. Bb2 Re4 28. Bc1 Qg6
29. Qb3 Qf7 30. Rf4 Rbe8 31. Rxe4 Rxe4 32. Qa4 a6 33. c6 Re6 34. cxb7 Qxb7 35. Qa3
h6 36. Qd3 Qe7 37. Bd2 Ne4 38. Bc1 Nf6 39. Ba3 Qe8 40. Rf3 Qh5 41. Kg2 Re4 42. h3
Qe8 43. Bd6 Qa4 44. Rf2 Qc6 45. Bf4 Nd7 46. Rc2 Qe6 47. Qc3 Kh7 48. Qc6 Qf5 49. Rf2
Qe6 50. Qb7 g5 51. Be5 Kg6 52. Rc2 Nxe5 53. dxe5 Rc4 54. Rf2 Kh5 55. Qg7 d4 56. exd4
Rxd4 57. Qf6 Qxf6 58. exf6 Rd8 59. f7 Rf8 60. Rf6 g4 61. h4 a5 62. a4 Rd8 63. Rf5+
 1-0

[Event "Asian Juniors Chess Championship 2022"]
[Site "Knights Templar Hotel, Tagaytay City"]
[Date "2022.11.22"]
[Round "6"]
[Board "10"]
[White "Tobing, Daniel Hermawan Lumban"]
[Black "Bacojo, Mark Jay"]
[Result "1/2-1/2"]
[WhiteElo "2162"]
[BlackElo "1949"]
[PlyCount "112"]
[EventDate "2022.11.19"]
[EventRounds "9"]
[EventCountry "ACF"]

1. e4 c5 2. Nf3 d6 3. d4 cxd4 4. Nxd4 Nf6 5. Nc3 g6 6. Be3 Bg7 7. f3 Nc6 8. Qd2 Nxd4
9. Bxd4 Be6 10. Bb5+ Bd7 11. Bc4 O-O 12. O-O Qa5 13. Rad1 Rfc8 14. Kh1 Qc7 15. Bb3
Bc6 16. Rfe1 b5 17. f4 Qb7 18. Bxf6 Bxf6 19. Nd5 Bh4 20. g3 Bf6 21. Kg1 Bg7 22. f5
a5 23. c3 Kh8 24. Nf4 Rf8 25. fxg6 hxg6 26. Qe2 a4 27. Bd5 e6 28. Bxc6 Qxc6 29. a3
Rad8 30. h4 Be5 31. Qe3 Kh7 32. Nh3 Rc8 33. Rd2 Kg7 34. Rf2 Qc5 35. Kg2 Qxe3 36.
Rxe3 f5 37. Ng5 Rce8 38. exf5 gxf5 39. Rfe2 Rf6 40. Nf3 Bxg3 41. Nd4 Be5 42. Nxb5
Kh6 43. Kf1 f4 44. Rd3 f3 45. Ree3 f2 46. Rf3 Rxf3 47. Rxf3 Rb8 48. c4 Rc8 49. Rd3
Rxc4 50. Nxd6 Rf4 51. Re3 Bxb2 52. Rxe6+ Kh5 53. Re4 Rf6 54. Nc4 Bc1 55. Ne5 Bxa3
56. Rxa4 Bd6  1/2-1/2

[Event "Asian Juniors Chess Championship 2022"]
[Site "Knights Templar Hotel, Tagaytay City"]
[Date "2022.11.22"]
[Round "6"]
[Board "11"]
[White "Co, Ronell Jose"]
[Black "Okabe, Yuma"]
[Result "0-1"]
[WhiteElo "1072"]
[BlackElo "1769"]
[PlyCount "88"]
[EventDate "2022.11.19"]
[EventRounds "9"]
[EventCountry "ACF"]

1. e4 e5 2. Nf3 Nc6 3. Bc4 Bc5 4. c3 Nf6 5. d4 exd4 6. cxd4 Bb4+ 7. Nc3 Nxe4 8. O-O
Bxc3 9. d5 Bf6 10. dxc6 bxc6 11. Re1 O-O 12. Rxe4 d5 13. Re1 dxc4 14. Qc2 Qd3 15.
Qxd3 cxd3 16. Rd1 Bf5 17. h3 Rab8 18. g4 Bg6 19. Rd2 h6 20. a4 Rfd8 21. Ne1 Bg5 22.
Rd1 d2 23. Bxd2 Bxd2 24. Nf3 Rxb2 25. Nxd2 Rdxd2 26. Rxd2 Rxd2 27. Kg2 c5 28. Rc1
Rd5 29. Kg3 Bd3 30. Kf4 c4 31. Ke3 g5 32. f4 Kg7 33. f5 c5 34. Rc3 Re5+ 35. Kd2 Re2+
36. Kd1 Rh2 37. Ke1 Kf6 38. Rc1 Ke5 39. Rd1 Ke4 40. Rd2 Rxh3 41. Rg2 c3 42. Rg1 Ke3
43. Kd1 c2+ 44. Kc1 Kf2  0-1

[Event "Asian Juniors Chess Championship 2022"]
[Site "Knights Templar Hotel, Tagaytay City"]
[Date "2022.11.22"]
[Round "6"]
[Board "14"]
[White "Limpangog, Aaron"]
[Black "De Asas, Aaron Francis"]
[Result "1/2-1/2"]
[WhiteElo "1292"]
[BlackElo "1380"]
[PlyCount "57"]
[EventDate "2022.11.19"]
[EventRounds "9"]
[EventCountry "ACF"]

1. e4 c5 2. Nf3 g6 3. d4 cxd4 4. Nxd4 Bg7 5. c4 Nc6 6. Be3 d6 7. Nc3 Nf6 8. Be2 O-O
9. O-O Bd7 10. h3 Rc8 11. Qd2 Re8 12. Rfd1 Nxd4 13. Bxd4 Be6 14. b3 a6 15. Rac1 Rf8
16. Qe3 Nd7 17. Bxg7 Kxg7 18. Na4 Ne5 19. Nc3 Nd7 20. Qg3 f5 21. f4 Qa5 22. Kh1 fxe4
23. Nxe4 Nf6 24. Ng5 Bf5 25. Qe3 Rfe8 26. Qd2 Qxd2 27. Rxd2 h6 28. Nf3 Ne4 29. Rb2
 1/2-1/2

[Event "Asian Juniors Chess Championship 2022"]
[Site "Knights Templar Hotel, Tagaytay City"]
[Date "2022.11.22"]
[Round "6"]
[Board "15"]
[White "Sarmiento, Cyle"]
[Black "Santiaguel, Jerico M."]
[Result "0-1"]
[WhiteElo "1258"]
[BlackElo "1646"]
[PlyCount "112"]
[EventDate "2022.11.19"]
[EventRounds "9"]
[EventCountry "ACF"]

1. e4 c6 2. Nf3 d5 3. exd5 cxd5 4. d4 Nc6 5. Nc3 Bg4 6. Be2 Nf6 7. Ne5 Bxe2 8. Nxe2
e6 9. O-O Nxe5 10. dxe5 Nd7 11. Bf4 Rc8 12. h3 Bc5 13. c3 O-O 14. b4 Be7 15. Rc1
Rc4 16. Rc2 Qc7 17. Rd2 Nxe5 18. Rd4 Bd6 19. Rxc4 Nxc4 20. Bxd6 Qxd6 21. Nd4 Rc8
22. Nb5 Qb6 23. a4 a6 24. Nd4 Nd6 25. Qd3 Ne4 26. a5 Qc7 27. Rc1 Nxf2 28. Qf3 Ne4
29. Ne2 Qe5 30. Rf1 f6 31. Rc1 Rc4 32. Qe3 Nd6 33. Qxe5 fxe5 34. Kf2 Nf5 35. g4 Ne7
36. Ke3 Ng6 37. Kd2 Nf4 38. Nxf4 exf4 39. Re1 Kf7 40. Rb1 e5 41. b5 Rc5 42. bxa6
bxa6 43. Rb7+ Kf6 44. g5+ Kxg5 45. Rxg7+ Kf6 46. Rxh7 Rxa5 47. Rh6+ Kg5 48. Rh8 e4
49. h4+ Kg4 50. Rf8 Ra2+ 51. Ke1 e3 52. Rg8+ Kf3 53. Kd1 e2+ 54. Ke1 Ra1+ 55. Kd2
e1=Q+ 56. Kd3 Qd1#  0-1

[Event "Asian Juniors Chess Championship 2022"]
[Site "Knights Templar Hotel, Tagaytay City"]
[Date "2022.11.23"]
[Round "7"]
[Board "1"]
[White "Harshavardhan, G B"]
[Black "Utsab, Chatterjee"]
[Result "1-0"]
[WhiteElo "2426"]
[BlackElo "2349"]
[PlyCount "193"]
[EventDate "2022.11.19"]
[EventRounds "9"]
[EventCountry "ACF"]

1. e4 c5 2. Nf3 d6 3. d4 cxd4 4. Nxd4 Nf6 5. Nc3 a6 6. Bg5 Nbd7 7. f4 Qc7 8. Qf3
h6 9. Bxf6 Nxf6 10. f5 e5 11. fxe6 fxe6 12. O-O-O Bd7 13. Qh3 Qc5 14. e5 Qxe5 15.
Bc4 d5 16. Rhe1 Qf4+ 17. Kb1 O-O-O 18. Bb3 Ng4 19. Nce2 Qg5 20. Nf3 Qf5 21. Ned4
Qg6 22. Nh4 Qh5 23. Qc3+ Kb8 24. Qg3+ Ka8 25. h3 Nf6 26. Ng6 Ne4 27. Qg4 Qxg4 28.
hxg4 Rg8 29. Rxe4 dxe4 30. Nxe6 Bb4 31. Nxd8 Rxd8 32. Ne5 e3 33. c3 e2 34. Re1 Bd6
35. Nxd7 Rxd7 36. Rxe2 Kb8 37. a4 a5 38. Bd5 Re7 39. Rf2 Re5 40. Bf3 b6 41. Rd2 Kc7
42. Kc2 Bc5 43. Rd3 Rg5 44. Kb3 Bg1 45. Rd1 Bf2 46. Rf1 Bg3 47. Be2 Re5 48. Rf7+
Kd6 49. Bf3 Re7 50. Rf8 Rc7 51. Rb8 Bf2 52. Rd8+ Ke7 53. Rg8 Kd6 54. Kc2 Bh4 55.
Kd3 Bf6 56. Re8 Be7 57. Rb8 Kc5 58. Be4 Bf6 59. Bf5 Bg5 60. Kc2 Re7 61. Bd3 Re3 62.
Ba6 Rg3 63. Rc8+ Kd6 64. Bb7 Rxg4 65. Rc6+ Ke7 66. Rxb6 Rxa4 67. Ra6 Ra1 68. b4 Rc1+
69. Kb3 axb4 70. cxb4 Kd7 71. Bf3 Rb1+ 72. Kc4 Be7 73. Bg4+ Kc7 74. Ra7+ Kd8 75.
Rb7 Ke8 76. Bh5+ Kd8 77. Bf3 Bd6 78. b5 Bc7 79. Ra7 Rc1+ 80. Kd5 Kc8 81. Ke6 Rc5
82. Bc6 h5 83. Ra8+ Bb8 84. Ra1 g5 85. Rf1 Re5+ 86. Kf6 Rc5 87. Kg6 h4 88. Rf8+ Kc7
89. Kh5 Re5 90. Kg6 Rc5 91. Re8 Rc2 92. Kxg5 Ra2 93. Kxh4 Ba7 94. Ra8 Ra3 95. b6+
Kxc6 96. bxa7 Kb7 97. Rg8  1-0

[Event "Asian Juniors Chess Championship 2022"]
[Site "Knights Templar Hotel, Tagaytay City"]
[Date "2022.11.23"]
[Round "7"]
[Board "2"]
[White "Hakemi, Arman"]
[Black "Neelash, Saha"]
[Result "1-0"]
[WhiteElo "2412"]
[BlackElo "2436"]
[PlyCount "75"]
[EventDate "2022.11.19"]
[EventRounds "9"]
[EventCountry "ACF"]

1. d4 Nf6 2. Nf3 d5 3. g3 c5 4. Bg2 cxd4 5. O-O h6 6. b3 e6 7. Bb2 Bc5 8. Nxd4 e5
9. Nf3 e4 10. Nd4 O-O 11. c4 dxc4 12. bxc4 Qe7 13. Nb3 Bd6 14. c5 Be5 15. Bxe5 Qxe5
16. N1d2 Na6 17. Qc2 e3 18. f4 Qh5 19. Ne4 Nxe4 20. Bxe4 Rb8 21. f5 Bd7 22. Rad1
Bc6 23. Bxc6 bxc6 24. Nd4 Rb7 25. Qe4 Rc7 26. Qxe3 Nxc5 27. Qe5 Na6 28. Qa5 c5 29.
Nf3 Rc6 30. Rd8 Rb6 31. Rxf8+ Kxf8 32. Ne5 Kg8 33. Nd7 Qg4 34. Nxb6 Qd4+ 35. Rf2
Nb4 36. Qxa7 c4 37. Qb8+ Kh7 38. Nd7  1-0

[Event "Asian Juniors Chess Championship 2022"]
[Site "Knights Templar Hotel, Tagaytay City"]
[Date "2022.11.23"]
[Round "7"]
[Board "3"]
[White "Gan-Erdene, Sugar"]
[Black "Sapenov, Daniyal"]
[Result "1/2-1/2"]
[WhiteElo "2419"]
[BlackElo "2324"]
[PlyCount "151"]
[EventDate "2022.11.19"]
[EventRounds "9"]
[EventCountry "ACF"]

1. d4 Nf6 2. c4 e6 3. g3 d5 4. Nf3 dxc4 5. Bg2 Nc6 6. O-O Rb8 7. e3 b5 8. Qe2 Be7
9. b3 cxb3 10. axb3 O-O 11. Bd2 Rb6 12. Rc1 Bb7 13. Nc3 a6 14. e4 Nb8 15. e5 Nd5
16. Ne4 Nd7 17. Nc5 Bc8 18. h4 Re8 19. Bh3 Nf8 20. Rc2 Rc6 21. Bg2 b4 22. Ra5 Rb6
23. Nxa6 Bxa6 24. Rxa6 Rxa6 25. Qxa6 Nd7 26. Qd3 N7b6 27. Ra2 Qd7 28. Ra5 Rc8 29.
Bf1 Rd8 30. Qc2 Nc3 31. Bxc3 Qc6 32. Ng5 Bxg5 33. Rc5 Qa8 34. Bb2 Be7 35. Rxc7 Bf8
36. Bd3 g6 37. h5 Nd5 38. Be4 Qb8 39. Bxd5 Rxd5 40. Rc8 Qb6 41. Qc1 Rd8 42. h6 Qa5
43. Rxd8 Qxd8 44. Qe3 Qc8 45. Bc1 Qc2 46. Bd2 Qb1+ 47. Kg2 Qc2 48. Be1 Qb1 49. Kf1
Qc2 50. Qf3 Qb2 51. Qd3 Qc1 52. Qd2 Qb1 53. d5 exd5 54. Qxd5 Bxh6 55. e6 fxe6 56.
Qxe6+ Kh8 57. Qe5+ Kg8 58. Qe8+ Bf8 59. Qe6+ Kg7 60. Kg2 Qd3 61. Qe5+ Kg8 62. Qe6+
Kg7 63. f3 Qd6 64. Qc4 Qc5 65. Qe4 Qe7 66. Qd4+ Qf6 67. Qc4 Qd6 68. g4 Be7 69. Qe4
Kf7 70. Bf2 Qe6 71. Qd3 Qd6 72. Qc4+ Qe6 73. Qc2 Qd5 74. Be3 h5 75. gxh5 gxh5 76.
Bf2  1/2-1/2

[Event "Asian Juniors Chess Championship 2022"]
[Site "Knights Templar Hotel, Tagaytay City"]
[Date "2022.11.23"]
[Round "7"]
[Board "4"]
[White "Labog, Eric Jr."]
[Black "Orozbaev, Eldiar"]
[Result "1-0"]
[WhiteElo "2138"]
[BlackElo "2324"]
[PlyCount "99"]
[EventDate "2022.11.19"]
[EventRounds "9"]
[EventCountry "ACF"]

1. Nf3 g6 2. g3 Bg7 3. d4 d6 4. c4 f5 5. Bg2 Nf6 6. Nc3 O-O 7. O-O c6 8. Qc2 Qe8
9. b3 h6 10. Ba3 g5 11. e4 fxe4 12. Nxe4 Nxe4 13. Qxe4 Bf5 14. Qe3 Nd7 15. Rae1 Bf6
16. Nd2 Qg6 17. Ne4 Bg7 18. f3 Rae8 19. Qd2 Kh8 20. Kh1 Nf6 21. Nxf6 Qxf6 22. Bb2
h5 23. Bc1 Bh6 24. d5 cxd5 25. Bb2 e5 26. Qxd5 h4 27. g4 Bd7 28. c5 Bb5 29. Rf2 Bg7
30. Qxb7 Rb8 31. Qd5 dxc5 32. Bxe5 Rbe8 33. Bxf6 Rxe1+ 34. Rf1 Bxf1 35. Bxg7+ Kxg7
36. Qxg5+ Kf7 37. Bxf1 Rxf1+ 38. Kg2 Re1 39. Qxh4 Re2+ 40. Kg3 Rfe8 41. Qh7+ Kf8
42. Qxa7 c4 43. bxc4 Kg8 44. h4 R8e7 45. Qd4 R2e5 46. h5 Kh7 47. c5 R5e6 48. Qd5
Re1 49. c6 Kh6 50. c7  1-0

[Event "Asian Juniors Chess Championship 2022"]
[Site "Knights Templar Hotel, Tagaytay City"]
[Date "2022.11.23"]
[Round "7"]
[Board "5"]
[White "Dziththauly, Ramadhan"]
[Black "Quizon, Daniel"]
[Result "1/2-1/2"]
[WhiteElo "2194"]
[BlackElo "2420"]
[PlyCount "53"]
[EventDate "2022.11.19"]
[EventRounds "9"]
[EventCountry "ACF"]

1. d4 d6 2. c4 e5 3. dxe5 dxe5 4. Qxd8+ Kxd8 5. Nc3 Be6 6. e4 Nd7 7. b3 c6 8. Be3
Bc5 9. Bxc5 Nxc5 10. O-O-O+ Kc7 11. Nge2 Nf6 12. f3 a5 13. Kb2 g5 14. Nc1 Nfd7 15.
Be2 Rhg8 16. Rhf1 f6 17. Nd3 Nxd3+ 18. Bxd3 Nc5 19. Bc2 h5 20. Rd2 Rg7 21. Rdd1 Bd7
22. Ne2 h4 23. h3 Ne6 24. Rd2 c5 25. a4 Nd4 26. Nc3 Bc6 27. Nd1  1/2-1/2

[Event "Asian Juniors Chess Championship 2022"]
[Site "Knights Templar Hotel, Tagaytay City"]
[Date "2022.11.23"]
[Round "7"]
[Board "6"]
[White "Daluz, Christian Mark"]
[Black "Avinash, Ramesh"]
[Result "1-0"]
[WhiteElo "2010"]
[BlackElo "2338"]
[PlyCount "94"]
[EventDate "2022.11.19"]
[EventRounds "9"]
[EventCountry "ACF"]

1. d4 Nf6 2. Nc3 d5 3. Bg5 h6 4. Bxf6 exf6 5. e3 c6 6. g3 Nd7 7. Bg2 f5 8. Nf3 Bd6
9. O-O h5 10. Qd3 Nf6 11. Ne2 Ne4 12. c4 dxc4 13. Qxc4 h4 14. d5 hxg3 15. hxg3 c5
16. Nc3 Qf6 17. Nxe4 fxe4 18. Nd2 Qh6 19. Qxe4+ Kf8 20. Rfc1 g6 21. Qd3 Qh2+ 22.
Kf1 Bh3 23. Bxh3 Qxh3+ 24. Ke2 Qg4+ 25. Nf3 Rh2 26. Qc4 Rxf2+ 27. Kxf2 Qxg3+ 28.
Ke2 Qg2+ 29. Kd3 Qxf3 30. Rh1 Kg8 31. Qe4 c4+ 32. Qxc4 Re8 33. Raf1 Qxe3+ 34. Kc2
Qe5 35. Qh4 Qg7 36. Kb1 Be5 37. Re1 f5 38. d6 g5 39. Qc4+ Kf8 40. Qd3 Qd7 41. Qd5
Qxd6 42. Rh8+ Kg7 43. Qxd6 Bxd6 44. Rhxe8 g4 45. R8e6 Bg3 46. Rf1 Kf7 47. Re3 Kg8
 1-0

[Event "Asian Juniors Chess Championship 2022"]
[Site "Knights Templar Hotel, Tagaytay City"]
[Date "2022.11.23"]
[Round "7"]
[Board "7"]
[White "Dau, Khuong Duy"]
[Black "Raahul, V S"]
[Result "1/2-1/2"]
[WhiteElo "1993"]
[BlackElo "2311"]
[PlyCount "85"]
[EventDate "2022.11.19"]
[EventRounds "9"]
[EventCountry "ACF"]

1. e4 e5 2. Nf3 Nc6 3. Bb5 g6 4. O-O Bg7 5. c3 a6 6. Ba4 d6 7. d4 Bd7 8. dxe5 dxe5
9. Bg5 Nge7 10. Nbd2 h6 11. Be3 O-O 12. b4 b6 13. Bb3 Kh7 14. Ne1 f5 15. f3 f4 16.
Bf2 g5 17. Nd3 h5 18. Qe2 Ng6 19. Bd5 g4 20. Rfd1 Qg5 21. Kf1 Nh4 22. Bxh4 Qxh4 23.
Qf2 g3 24. Qg1 gxh2 25. Qh1 Rad8 26. Ke2 Ne7 27. Bc4 Ba4 28. Bb3 Bb5 29. Bc4 Bxc4
30. Nxc4 Ng6 31. Nd2 Rg8 32. Nf1 Bf6 33. Ne1 Qg5 34. Qxh2 Nh4 35. Rxd8 Bxd8 36. Kf2
c5 37. Rd1 cxb4 38. cxb4 Qe7 39. Qh3 Qxb4 40. Rd7+ Kh8 41. Qe6 Qc5+ 42. Ke2 Qb5+
43. Kf2  1/2-1/2

[Event "Asian Juniors Chess Championship 2022"]
[Site "Knights Templar Hotel, Tagaytay City"]
[Date "2022.11.23"]
[Round "7"]
[Board "8"]
[White "Fernanda, Agus Saputra"]
[Black "Concio, Michael Jr."]
[Result "0-1"]
[WhiteElo "2007"]
[BlackElo "2343"]
[PlyCount "100"]
[EventDate "2022.11.19"]
[EventRounds "9"]
[EventCountry "ACF"]

1. e4 e5 2. Nf3 Nc6 3. Bb5 Nf6 4. O-O Nxe4 5. d4 Nd6 6. dxe5 Nxb5 7. a4 Na3 8. Nxa3
Be7 9. Nc4 O-O 10. a5 d5 11. exd6 cxd6 12. Ne3 Nxa5 13. Nd5 Nc6 14. Bf4 Bf6 15. c3
Ne5 16. Nxe5 dxe5 17. Be3 a6 18. Qf3 Be6 19. Nxf6+ Qxf6 20. Qxb7 Rfc8 21. Rxa6 Rab8
22. Qe4 Rxb2 23. c4 Rb4 24. Rc1 h6 25. Ra8 Rxa8 26. Qxa8+ Kh7 27. c5 Qg6 28. Qf3
f5 29. Kf1 f4 30. Bd2 Rd4 31. Qe2 f3 32. Qxf3 Rxd2 33. c6 Bd5 34. Qg3 Qe4 35. Qe3
Qxe3 36. fxe3 Be6 37. c7 Bc8 38. Rc5 Kg6 39. Rxe5 Rc2 40. h3 Rxc7 41. g4 Rc2 42.
Kg1 Kf6 43. Rb5 Be6 44. Ra5 Re2 45. Ra3 Kg5 46. Ra7 g6 47. Ra6 Bc4 48. h4+ Kxh4 49.
Rc6 Kg3 50. Kf1 Bd3  0-1

[Event "Asian Juniors Chess Championship 2022"]
[Site "Knights Templar Hotel, Tagaytay City"]
[Date "2022.11.23"]
[Round "7"]
[Board "9"]
[White "Okabe, Yuma"]
[Black "Tobing, Daniel Hermawan Lumban"]
[Result "0-1"]
[WhiteElo "1769"]
[BlackElo "2162"]
[PlyCount "80"]
[EventDate "2022.11.19"]
[EventRounds "9"]
[EventCountry "ACF"]

1. e4 Nf6 2. e5 Nd5 3. d4 d6 4. Nf3 g6 5. Bc4 Nb6 6. Bb3 Bg7 7. a4 a5 8. exd6 cxd6
9. O-O O-O 10. Re1 N8d7 11. Na3 Nf6 12. h3 Bd7 13. c3 Re8 14. Bf4 Bc6 15. Qe2 Nfd5
16. Bd2 Qd7 17. Nb5 e6 18. c4 Nc7 19. Bc3 Nc8 20. Nd2 Ne7 21. Ne4 Nf5 22. Qd2 Bxe4
23. Rxe4 Nxb5 24. axb5 d5 25. cxd5 Qxb5 26. Qd1 a4 27. Bxa4 Qxd5 28. Bxe8 Rxa1 29.
Qxa1 Qxe4 30. Qa8 Bf8 31. Qd8 Nh4 32. f3 Qe3+ 33. Kf1 Nf5 34. Be1 Nxd4 35. Bc3 Nf5
36. Qc7 Qd3+ 37. Kf2 Be7 38. g3 Qe3+ 39. Kg2 Qe2+ 40. Kg1 Ne3  0-1

[Event "Asian Juniors Chess Championship 2022"]
[Site "Knights Templar Hotel, Tagaytay City"]
[Date "2022.11.23"]
[Round "7"]
[Board "11"]
[White "Buto, Al-Basher"]
[Black "Carredo, Mar Aviel"]
[Result "0-1"]
[WhiteElo "1557"]
[BlackElo "1555"]
[PlyCount "154"]
[EventDate "2022.11.19"]
[EventRounds "9"]
[EventCountry "ACF"]

1. e4 e5 2. Nf3 Nc6 3. d4 exd4 4. Nxd4 Nf6 5. Nxc6 bxc6 6. Bd3 d5 7. exd5 cxd5 8.
O-O Bd6 9. Re1+ Be7 10. c4 Be6 11. cxd5 Bxd5 12. Nc3 Bc6 13. Bb5 Bxb5 14. Qxd8+ Kxd8
15. Nxb5 c6 16. Bg5 cxb5 17. Rad1+ Ke8 18. Rc1 Kf8 19. Rc7 Bd6 20. Rb7 h6 21. Bxf6
gxf6 22. Rd1 Rd8 23. g3 Kg7 24. Rxb5 Bc7 25. Rc1 Bb6 26. Rc2 Rd1+ 27. Kg2 Rhd8 28.
f4 R8d2+ 29. Rxd2 Rxd2+ 30. Kf3 Rxh2 31. a4 f5 32. g4 Rh3+ 33. Kg2 fxg4 34. a5 Bc7
35. a6 Rd3 36. Rc5 Bb6 37. Rb5 h5 38. Rxh5 Rd2+ 39. Kg3 Rxb2 40. Kxg4 Ra2 41. Rg5+
Kf8 42. Rd5 Rxa6 43. Rd6 Ke7 44. Rc6 Ra4 45. Kf5 Rb4 46. Ke5 a5 47. Rc2 a4 48. f5
f6+ 49. Kd5 Rb5+ 50. Ke4 a3 51. Rh2 Re5+ 52. Kf4 Be3+ 53. Kf3 Bc1 54. Rh7+ Kd6 55.
Ra7 Re3+ 56. Kf2 Rb3 57. Ke1 Bb2 58. Kd2 Bd4 59. Ra6+ Ke5 60. Kc2 a2 61. Rxa2 Rb2+
62. Rxb2 Bxb2 63. Kxb2 Kxf5 64. Kc2 Ke4 65. Kd2 Kf3 66. Ke1 f5 67. Kf1 f4 68. Kg1
Ke2 69. Kh2 f3 70. Kg3 f2 71. Kh4 f1=Q 72. Kg5 Qf3 73. Kg6 Qf4 74. Kg7 Qf5 75. Kg8
Qf6 76. Kh7 Qg5 77. Kh8 Kf3  0-1

[Event "Asian Juniors Chess Championship 2022"]
[Site "Knights Templar Hotel, Tagaytay City"]
[Date "2022.11.23"]
[Round "7"]
[Board "12"]
[White "Paradero, Gabriel Ryan"]
[Black "Santiaguel, Jerico M."]
[Result "0-1"]
[WhiteElo "1294"]
[BlackElo "1646"]
[PlyCount "106"]
[EventDate "2022.11.19"]
[EventRounds "9"]
[EventCountry "ACF"]

1. e4 c6 2. Nc3 d5 3. Nf3 Bg4 4. h3 Bxf3 5. Qxf3 e6 6. d3 Nf6 7. Bd2 Bd6 8. g4 h5
9. O-O-O hxg4 10. hxg4 Rxh1 11. Qxh1 Qe7 12. g5 Ng4 13. exd5 Nxf2 14. Qh8+ Qf8 15.
Qxf8+ Kxf8 16. Re1 exd5 17. Bg2 d4 18. Ne4 Nxe4 19. Rxe4 Bc5 20. b4 Bb6 21. Bf4 Na6
22. Bd6+ Kg8 23. g6 fxg6 24. Bh3 Nc7 25. Re7 Re8 26. Rxc7 Bxc7 27. Bxc7 Kf7 28. Kd2
g5 29. Bf5 b6 30. Be4 c5 31. bxc5 bxc5 32. Bd6 Rc8 33. Bb7 Rd8 34. Bxc5 Kf6 35. Bc6
a5 36. Ke2 Ke5 37. Be7 Rc8 38. Ba4 g4 39. Kf2 Kf4 40. Bd6+ Kg5 41. Kg3 Rc3 42. Bb3
Rc8 43. Be5 Rd8 44. Bxg7 Kf5 45. Ba4 Rd5 46. Bf8 Rd8 47. Be7 Rd5 48. Bc6 Re5 49.
Be4+ Ke6 50. Ba3 Rg5 51. Kf4 Rh5 52. Bg2 Rh7 53. Bb2 Rc7  0-1

[Event "Asian Juniors Chess Championship 2022"]
[Site "Knights Templar Hotel, Tagaytay City"]
[Date "2022.11.23"]
[Round "7"]
[Board "14"]
[White "Lacorte, Rafiel Irvin"]
[Black "Co, Ronell Jose"]
[Result "1-0"]
[WhiteElo "1272"]
[BlackElo "1072"]
[PlyCount "117"]
[EventDate "2022.11.19"]
[EventRounds "9"]
[EventCountry "ACF"]

1. c4 c5 2. g3 d6 3. Bg2 Nf6 4. Nc3 a6 5. e3 e6 6. Nge2 Qc7 7. O-O Be7 8. b3 Nc6
9. Bb2 b6 10. d4 cxd4 11. exd4 Bb7 12. Rc1 Rc8 13. d5 Nd8 14. Nd4 Rb8 15. dxe6 fxe6
16. Re1 Bxg2 17. Kxg2 e5 18. Nf5 O-O 19. Ba3 Nf7 20. Nd5 Nxd5 21. cxd5 Qb7 22. Rc6
Rfd8 23. Qg4 g6 24. Rec1 Bf8 25. Kg1 Kh8 26. Ne3 Rd7 27. Rxb6 Qxb6 28. Qxd7 Rb7 29.
Qe8 Kg7 30. Rc8 Be7 31. Ng4 Nd8 32. Nxe5 Qd4 33. Nf3 Qd1+ 34. Kg2 Qxd5 35. Rxd8 Bxd8
36. Qxd8 Rf7 37. Bb2+ Kh6 38. Qh4+ Qh5 39. Bc1+ Kg7 40. Qxh5 gxh5 41. Bf4 Rd7 42.
h4 Kf6 43. Nd4 d5 44. Kf3 Rf7 45. Ke3 Re7+ 46. Kd2 Re4 47. Be3 Kf7 48. b4 Ke8 49.
a4 Kd7 50. Kc3 Kc7 51. b5 axb5 52. axb5 Re8 53. Nb3 Rc8 54. Kb4 Kd6 55. b6 Rc4+ 56.
Kb5 Kd7 57. Nc5+ Kc8 58. b7+ Kd8 59. b8=Q+  1-0

[Event "Asian Juniors Chess Championship 2022"]
[Site "Knights Templar Hotel, Tagaytay City"]
[Date "2022.11.24"]
[Round "8"]
[Board "1"]
[White "Labog, Eric Jr."]
[Black "Harshavardhan, G B"]
[Result "0-1"]
[WhiteElo "2138"]
[BlackElo "2426"]
[PlyCount "106"]
[EventDate "2022.11.19"]
[EventRounds "9"]
[EventCountry "ACF"]

1. Nf3 c5 2. g3 g6 3. c4 Bg7 4. Bg2 Nc6 5. O-O e5 6. Nc3 Nge7 7. d3 O-O 8. a3 d6
9. Rb1 a5 10. Ne1 Be6 11. Nc2 d5 12. cxd5 Nxd5 13. Ne3 Nde7 14. Bd2 Rc8 15. Na4 Nd4
16. b4 cxb4 17. Bxb7 Rb8 18. Nc5 Ba2 19. Rb2 b3 20. Be4 f5 21. Bg2 Qd6 22. Nb7 Qa6
23. Nxa5 e4 24. Nec4 Ndc6 25. Qc1 Rfc8 26. Nxc6 Nxc6 27. Bc3 Ne5 28. Rxa2 bxa2 29.
Qa1 Nxc4 30. Bxg7 Rb1 31. Qxa2 Rxf1+ 32. Bxf1 Kxg7 33. dxc4 Qxc4 34. Qb2+ Qc3 35.
Qb6 Kh6 36. a4 Qc5 37. Qb3 Qc1 38. Qe6 Rc6 39. Qe8 Rc8 40. Qe7 Qc5 41. Qd7 e3 42.
f4 Rc7 43. Qe8 Qe7 44. Qa8 Rc1 45. Qg2 Qe4 46. Qh3+ Kg7 47. a5 Ra1 48. Qg2 h5 49.
h3 Rxa5 50. Kh2 Qxg2+ 51. Bxg2 Ra1 52. h4 Re1 53. Bf3 Rf1  0-1

[Event "Asian Juniors Chess Championship 2022"]
[Site "Knights Templar Hotel, Tagaytay City"]
[Date "2022.11.24"]
[Round "8"]
[Board "2"]
[White "Gan-Erdene, Sugar"]
[Black "Hakemi, Arman"]
[Result "1/2-1/2"]
[WhiteElo "2419"]
[BlackElo "2412"]
[PlyCount "99"]
[EventDate "2022.11.19"]
[EventRounds "9"]
[EventCountry "ACF"]

1. d4 Nf6 2. c4 e6 3. g3 d5 4. Nf3 Be7 5. Bg2 O-O 6. O-O dxc4 7. Qc2 a6 8. a4 Bd7
9. Qxc4 Bc6 10. Bg5 Bd5 11. Qd3 Be4 12. Qd1 h6 13. Bxf6 Bxf6 14. Nc3 Bxf3 15. Bxf3
c6 16. e3 a5 17. Qb3 Ra7 18. Ne4 Be7 19. Nd2 Nd7 20. Nc4 Bb4 21. Rfd1 Ra8 22. Bg2
Qe7 23. Rac1 Rfd8 24. e4 Rac8 25. h4 Nf6 26. Ne3 e5 27. Nf5 Qe6 28. Qf3 exd4 29.
Nxd4 Qe5 30. Qf5 Qxf5 31. Nxf5 Rxd1+ 32. Rxd1 Re8 33. f3 h5 34. Kf1 g6 35. Ne3 Kf8
36. Bh3 Re7 37. Ke2 Ne8 38. Kd3 Nd6 39. Nc2 Bc5 40. Nd4 Re8 41. Kc3 Re7 42. Ne2 Kg7
43. Nc1 b5 44. Nd3 Bb6 45. b3 Nb7 46. Kc2 bxa4 47. bxa4 Nc5 48. Nb2 Bc7 49. g4 hxg4
50. Bxg4  1/2-1/2

[Event "Asian Juniors Chess Championship 2022"]
[Site "Knights Templar Hotel, Tagaytay City"]
[Date "2022.11.24"]
[Round "8"]
[Board "3"]
[White "Neelash, Saha"]
[Black "Daluz, Christian Mark"]
[Result "1-0"]
[WhiteElo "2436"]
[BlackElo "2010"]
[PlyCount "91"]
[EventDate "2022.11.19"]
[EventRounds "9"]
[EventCountry "ACF"]

1. Nf3 Nf6 2. e3 g6 3. b4 Bg7 4. Bb2 O-O 5. Be2 d6 6. c4 e5 7. d4 e4 8. Nfd2 h5
9. Nc3 Re8 10. Qb3 Bf5 11. h3 c5 12. bxc5 dxc5 13. Qxb7 Nbd7 14. Nb3 cxd4 15. exd4
Nb6 16. Qa6 e3 17. O-O Ne4 18. Nxe4 Bxe4 19. Qa5 Qh4 20. Qe1 Qg5 21. f3 Bf5 22. f4
Qe7 23. Rc1 Rad8 24. Bc3 Qa3 25. d5 Bxc3 26. Qxc3 Rc8 27. Qa1 Na4 28. Nd4 Bd3 29.
Nb5 Qc5 30. Bxd3 e2+ 31. Rf2 Re3 32. Bxe2 Rxe2 33. Qd4 Rxf2 34. Kxf2 Qxd4+ 35. Nxd4
Nb2 36. Nc6 Kf8 37. Rc2 Nd3+ 38. Ke3 Nc5 39. Kd4 Nd7 40. c5 Rc7 41. Na5 Rc8 42. d6
Nf6 43. c6 Re8 44. c7 Rc8 45. Nc6 Ne8 46. d7  1-0